| 000 | 00509nam a2200181Ia 4500 | ||
|---|---|---|---|
| 001 | 21319 | ||
| 005 | 20260306172910.0 | ||
| 008 | 260306t2018||||xx |||||||||||||| ||spa|| | ||
| 041 | _aESP | ||
| 082 |
_a344.526 _bP42 |
||
| 100 |
_aPeña Cabrera Freyre, Alonso Raúl _eAUT |
||
| 245 | 0 |
_aTráfico ilícito de drogas y delitos conexos: _bperspectivas dogmáticas y político criminales |
|
| 260 | _c2018 | ||
| 300 |
_a519 páginas : _c24 cm. |
||
| 650 | _aGEN | ||
| 654 | _aCDE | ||
| 942 |
_cLIB _dJUS _fJUS _2ddc _n |
||
| 999 |
_c21319 _d21319 |
||